| 000 | 00346nam a22001457a 4500 | ||
|---|---|---|---|
| 008 | 231124b ||||| |||| 00| 0 eng d | ||
| 020 | _a0521245400 | ||
| 041 | _aeng | ||
| 080 | _a521 | ||
| 082 | _a521AIT | ||
| 100 | _a19 | ||
| 101 | _aASTRO | ||
| 245 |
_aAN INFORMAL INTRODUCTION TO GAUGE FIELD THEORIES _cAITCHISON .R.J.I |
||
| 942 |
_2udc _cBK |
||
| 999 |
_c60527 _d60527 |
||